000 00875nam a2200337 a 4500
001 33602
003 AR-BaAGN
005 20231222134751.0
007 ta
008 220625s2003 ag |||||r|||| ||||||spa d
020 _a950-557-559-9
040 _dAR-BaAGN
_aAR-BaAGN
_bspa
_eaacr
100 1 _aTamborini, Ezequiel
245 1 0 _aBiotecnología :
_bla otra guerra
250 _a1ª ed.
260 _aBuenos Aires :
_bFondo de Cultura Económica,
_cc2003.
300 _a139 páginas
336 _2rdacontent
_btxt
337 _2rdamedia
_bn
338 _2rdacarrier
_bnc
490 0 _aBreves colección popular
650 4 _aBIOTECNOLOGÍA
_92064
650 4 _aECOLOGÍA
_91655
651 4 _aAmérica Latina
_93630
700 1 _aTandeter, Enrique
_epbd
942 _cLIBRO
999 _c33602
_d33602